| 000 | 00702nam a22002057a 4500 | ||
|---|---|---|---|
| 003 | OSt | ||
| 005 | 20251014031454.0 | ||
| 008 | 251014b |||||||| |||| 00| 0 eng d | ||
| 020 | _a978-971-98-0597-7 | ||
| 040 |
_aDWCL-Main lib _cOC |
||
| 082 |
_22ND EDITION _aFil. 613.2 C255b 2019 |
||
| 100 | _aCruz-Caudal, Maria Lourdes | ||
| 245 |
_aBasic Nutrition and Diet Therapy Laboratory Manual for Allied Health/ _cMaria Lourdes Caudal-Cruz |
||
| 250 | _a2ND EDITION | ||
| 260 |
_aQuezon City, _bC & E Publishig Inc., _cc2019. |
||
| 300 |
_axvi, 75 pages : _b illustrations ; _c26cm. |
||
| 650 | _a1. Diet therapy- manual | ||
| 650 | _a2. Nutrition | ||
| 942 |
_2ddc _cBK - FIL _e2ND EDITION _kFil. _n0 |
||
| 999 |
_c4882 _d4882 |
||